00582nab a2200169uuc4500001000800000005001700008008004100025035001200066040001300078041000800091100006200099245004000161650002500201650003600226650003800262773011200300143101020241126092147.0160125e20150705 spa  a1431010 ccomduadb aspa10aMarín Vélez, Carlos Enrique4aut0(viaf)35883313eaut13aLa justicia de género en Colombia aJusticia de género aDerechos de la mujer - Colombia 7aMujereszColombiaxHistoria2lemb0 tRevista Nueva Época (Bogotá)gVolúmen 21, Número 44, Julio 2015, 169-174w800803x0124-00130276018